Language and Communication difficulties (Record no. 321377)

000 -LEADER
fixed length control field 00359 a2200133 4500
001 - CONTROL NUMBER
control field 86304
082 ## - DEWEY DECIMAL CLASSIFICATION NUMBER
Classification number 371.9140941 HAR
090 ## - LOCALLY ASSIGNED LC-TYPE CALL NUMBER (OCLC); LOCAL CALL NUMBER (RLIN)
-- 40569
-- 40569
100 ## - MAIN ENTRY--PERSONAL NAME
Personal name Hartas Dimitra
245 ## - TITLE STATEMENT
Title Language and Communication difficulties
Remainder of title SEN SERIES
260 ## - PUBLICATION, DISTRIBUTION, ETC.
Place of publication, distribution, etc. london
Name of publisher, distributor, etc. Continuum
Date of publication, distribution, etc. 2005
300 ## - PHYSICAL DESCRIPTION
Extent 117 p.
500 ## - GENERAL NOTE
General note DOS/humanities and social science
942 ## - ADDED ENTRY ELEMENTS (KOHA)
Institution code [OBSOLETE] NUST-CAE
Call number prefix 371.9140941 HAR
Holdings
Withdrawn status Lost status Damaged status Not for loan Collection code Permanent Location Current Location Date acquired Total Checkouts Full call number Barcode Date last seen Price effective from Koha item type
          College of Aeronautical Engineering (CAE) College of Aeronautical Engineering (CAE) 04/03/2017   371.9140941 HAR CAE85331 04/05/2017 04/05/2017 Book
© 2023 Central Library, National University of Sciences and Technology. All Rights Reserved.